Statistics for Regions of mali

Click here to take the quiz!

General Stats

  • This quiz has been taken 19 times
  • The average score is 5 of 9

Answer Stats

HintAnswer% Correct
bBamako
92%
gGao
69%
mMopti
62%
kKayes
54%
kKidal
54%
kKoulikoro
54%
sSegou
54%
sSikasso
54%
tTombouctou
54%

Score Distribution

Percentile by Number Answered

Percent of People with Each Score

Your Score History

You have not taken this quiz